[Event "AUT-chT2M 1920"]
[Site "Austria"]
[Date "2020.01.12"]
[Round "9.5"]
[White "Dietmayer Kraeutler, Marco"]
[Black "Spindelboeck, Gernot"]
[Result "1/2-1/2"]
[WhiteElo "2342"]
[BlackElo "2227"]
[PlyCount "61"]
[EventDate "2019.10.11"]
[EventType "team-tourn"]
[EventRounds "11"]
[EventCountry "AUT"]
[SourceTitle "CBM 194 Extra"]
[Source "ChessBase"]
[SourceDate "2020.03.31"]
[SourceVersion "1"]
[SourceVersionDate "2020.03.31"]
[SourceQuality "1"]
[WhiteTeam "St Veit Aspernig II"]
[BlackTeam "Fuerstenfeld/Hartberg II"]
[WhiteTeamCountry "AUT"]
[BlackTeamCountry "AUT"]

1. d4 Nf6 2. Nf3 e6 3. Bg5 c5 4. e3 d5 5. c3 Be7 6. Nbd2 0-0 7. Bd3 Nbd7 8. 0-0 b6 9. Ne5 Bb7 10. f4 Ne4 11. Bxe7 Qxe7 12. Qc2 Nxd2 13. Qxd2 f6 14. Nxd7 Qxd7 15. Qc2 f5 16. g4 c4 17. Be2 a5 18. b3 Rfc8 19. bxc4 dxc4 20. Bf3 Bxf3 21. Rxf3 b5 22. a3 Qd5 23. e4 fxe4 24. Re3 b4 25. Qxe4 Qxe4 26. Rxe4 bxc3 27. Rxe6 Rd8 28. Rc1 Rxd4 29. Rxc3 Rxf4 30. h3 Rb8 31. Rc6 1/2-1/2

[Event "Steyr Landesliga 1819"]
[Site "Austria"]
[Date "2019.04.06"]
[Round "11.2"]
[White "Spindelboeck, Gernot"]
[Black "Ragger, Anna Christina"]
[Result "1/2-1/2"]
[WhiteElo "2204"]
[BlackElo "2298"]
[PlyCount "26"]
[EventDate "2018.10.06"]
[EventType "team-tourn"]
[EventRounds "11"]
[EventCountry "AUT"]
[SourceTitle "EXT 2021"]
[Source "ChessBase"]
[SourceDate "2020.10.23"]
[SourceVersion "1"]
[SourceVersionDate "2020.10.23"]
[SourceQuality "1"]
[WhiteTeam "Graz Austria"]
[BlackTeam "Graz Schachgesellschaft"]
[WhiteTeamCountry "AUT"]
[BlackTeamCountry "AUT"]

1. d4 d5 2. c4 e6 3. Nf3 a6 4. e3 Nf6 5. Nc3 Be7 6. Bd3 dxc4 7. Bxc4 b5 8. Bd3 Bb7 9. a3 c5 10. dxc5 Bxc5 11. b4 Be7 12. Bb2 Nbd7 13. 0-0 0-0 1/2-1/2

[Event "Steyr Landesliga 1819"]
[Site "Austria"]
[Date "2018.11.17"]
[Round "5.2"]
[White "Spindelboeck, Gernot"]
[Black "Benda, Herbert"]
[Result "1/2-1/2"]
[WhiteElo "2204"]
[BlackElo "2284"]
[PlyCount "42"]
[EventDate "2018.10.06"]
[EventType "team-tourn"]
[EventRounds "11"]
[EventCountry "AUT"]
[SourceTitle "CBM 189 Extra"]
[Source "ChessBase"]
[SourceDate "2019.06.03"]
[SourceVersion "1"]
[SourceVersionDate "2019.06.03"]
[SourceQuality "1"]
[WhiteTeam "Graz Austria"]
[BlackTeam "Leibnitz"]
[WhiteTeamCountry "AUT"]
[BlackTeamCountry "AUT"]

1. d4 d5 2. c4 c6 3. Nf3 Nf6 4. g3 Bf5 5. Bg2 e6 6. 0-0 Nbd7 7. Nbd2 h6 8. b3 Be7 9. Bb2 0-0 10. Ne5 Qc7 11. Nxd7 Qxd7 12. Re1 Rfd8 13. e3 a5 14. a3 Qc7 15. Qe2 Qb6 16. c5 Qc7 17. b4 b5 18. f3 Ra7 19. Nb3 a4 20. Nd2 Qd7 21. Bc3 Re8 1/2-1/2

[Event "Steyr Landesliga 1819"]
[Site "Austria"]
[Date "2018.11.10"]
[Round "4.2"]
[White "Spindelboeck, Gernot"]
[Black "Borhy, Marcell Boldizsar"]
[Result "1/2-1/2"]
[WhiteElo "2204"]
[BlackElo "2195"]
[PlyCount "55"]
[EventDate "2018.10.06"]
[EventType "team-tourn"]
[EventRounds "11"]
[EventCountry "AUT"]
[SourceTitle "CBM 187 Extra"]
[Source "ChessBase"]
[SourceDate "2018.11.04"]
[SourceVersion "1"]
[SourceVersionDate "2018.11.04"]
[SourceQuality "1"]
[WhiteTeam "Graz Austria"]
[BlackTeam "Pinggau Friedberg"]
[WhiteTeamCountry "AUT"]
[BlackTeamCountry "AUT"]

1. d4 Nf6 2. c4 d6 3. Nf3 Bg4 4. Qb3 Qc8 5. g3 Nbd7 6. Bg2 c6 7. Nc3 e5 8. Be3 Be7 9. 0-0 exd4 10. Nxd4 Nc5 11. Qc2 a5 12. f3 Bd7 13. Rad1 0-0 14. Bf2 Rb8 15. e4 b5 16. cxb5 cxb5 17. Rc1 b4 18. Nd5 Nxd5 19. exd5 Bf6 20. b3 Qa6 21. Rfd1 g6 22. Qd2 Rbc8 23. Bf1 Qb7 24. Bc4 Be5 25. Re1 Rfe8 26. Qh6 Bg7 27. Qd2 Be5 28. Qh6 1/2-1/2

[Event "AUT-chT2M 1718"]
[Site "Austria"]
[Date "2018.04.06"]
[Round "10.6"]
[White "Teuschler, Barbara"]
[Black "Spindelboeck, Gernot"]
[Result "1-0"]
[WhiteElo "2218"]
[BlackElo "2277"]
[PlyCount "77"]
[EventDate "2017.10.27"]
[EventType "team-tourn"]
[EventRounds "11"]
[EventCountry "AUT"]
[SourceTitle "EXT 2019"]
[Source "ChessBase"]
[SourceDate "2018.10.10"]
[SourceVersion "1"]
[SourceVersionDate "2018.10.10"]
[SourceQuality "1"]
[WhiteTeam "Graz Schachfreunde"]
[BlackTeam "Fuerstenfeld/Hartberg"]
[WhiteTeamCountry "AUT"]
[BlackTeamCountry "AUT"]

1. e4 e6 2. d4 d5 3. Nc3 Nf6 4. e5 Nfd7 5. f4 c5 6. Nf3 Nc6 7. Be3 cxd4 8. Nxd4 Bc5 9. Qd2 0-0 10. 0-0-0 a6 11. Qf2 Bxd4 12. Bxd4 b5 13. Be3 Qa5 14. Kb1 b4 15. Ne2 Qc7 16. Nd4 Bb7 17. Bd3 Rfc8 18. Qh4 g6 19. Nf3 Na5 20. Ng5 Nf8 21. Qh6 Nc4 22. Bd4 Re8 23. h4 a5 24. h5 Re7 25. Rh3 a4 26. f5 exf5 27. e6 fxe6 28. hxg6 e5 29. gxh7+ Kh8 30. Qf6+ Rg7 31. Bc5 Ng6 32. Bxc4 dxc4 33. Bxb4 Nf4 34. Rhh1 Nd5 35. Rxd5 Bxd5 36. Bd6 Qd8 37. Bxe5 Qxf6 38. Bxf6 Bxg2 39. Nf7# 1-0

[Event "Steyr Landesliga 1718"]
[Site "Austria"]
[Date "2017.12.02"]
[Round "6.3"]
[White "Matosec, Thomas"]
[Black "Spindelboeck, Gernot"]
[Result "1-0"]
[WhiteElo "2117"]
[BlackElo "2277"]
[PlyCount "85"]
[EventDate "2017.09.30"]
[EventType "team-tourn"]
[EventRounds "11"]
[EventCountry "AUT"]
[SourceTitle "EXT 2019"]
[Source "ChessBase"]
[SourceDate "2018.10.10"]
[SourceVersion "1"]
[SourceVersionDate "2018.10.10"]
[SourceQuality "1"]
[WhiteTeam "Graz Styria"]
[BlackTeam "Graz Austria"]
[WhiteTeamCountry "AUT"]
[BlackTeamCountry "AUT"]

1. e4 e6 2. d4 d5 3. Nc3 Nf6 4. e5 Nfd7 5. f4 c5 6. Nf3 Nc6 7. Ne2 b5 8. a3 a5 9. c3 Rb8 10. f5 b4 11. fxe6 fxe6 12. Nf4 Qb6 13. Ng5 Ne7 14. axb4 axb4 15. Bd3 g6 16. Qf3 cxd4 17. Nxg6 Nxg6 18. Qf7+ Kd8 19. Nxe6+ Qxe6 20. Qxe6 Ngxe5 21. Bg5+ Kc7 22. Bf4 Bd6 23. 0-0 Nc5 24. Ra7+ Kc6 25. Qf6 Rf8 26. Qxf8 Bxf8 27. Bxe5 Nxd3 28. Bxb8 dxc3 29. Rc7+ Kb6 30. Rxf8 cxb2 31. Rf1 Bf5 32. Rc2 Kb5 33. Rxb2 Nxb2 34. Rxf5 Kc4 35. Rf4+ Kb3 36. Rd4 Na4 37. Rxd5 Nc3 38. Rd7 Kc2 39. Rxh7 b3 40. Rb7 b2 41. Rxb2+ Kxb2 42. Be5 Kc2 43. Bxc3 1-0

[Event "AUT-chT2M 1718"]
[Site "Austria"]
[Date "2017.11.25"]
[Round "5.5"]
[White "Rieger, Robert"]
[Black "Spindelboeck, Gernot"]
[Result "0-1"]
[WhiteElo "2297"]
[BlackElo "2233"]
[PlyCount "116"]
[EventDate "2017.10.27"]
[EventType "team-tourn"]
[EventRounds "11"]
[EventCountry "AUT"]
[SourceTitle "CBM 181 Extra"]
[Source "ChessBase"]
[SourceDate "2017.12.12"]
[SourceVersion "1"]
[SourceVersionDate "2017.12.12"]
[SourceQuality "1"]
[WhiteTeam "Maria Saal II"]
[BlackTeam "Fuerstenfeld/Hartberg"]
[WhiteTeamCountry "AUT"]
[BlackTeamCountry "AUT"]

1. b3 d5 2. Bb2 Nf6 3. e3 g6 4. Nf3 Bg7 5. Be2 0-0 6. 0-0 Nbd7 7. c4 c6 8. Qc2 Re8 9. d4 Ne4 10. cxd5 cxd5 11. Nc3 Nxc3 12. Qxc3 Nf6 13. Rac1 Bg4 14. Bb5 Rc8 15. Qb4 Qb6 16. Ba3 Rxc1 17. Rxc1 Rc8 18. Rxc8+ Bxc8 19. Ne5 Be6 20. Qc5 Qxc5 21. dxc5 Ne4 22. Nd3 Nc3 23. c6 bxc6 24. Bxc6 Nxa2 25. Bxe7 d4 26. exd4 Bxd4 27. b4 Bc4 28. Nf4 Nc3 29. Bd6 g5 30. Nh5 Ne2+ 31. Kh1 Bxf2 32. Nf6+ Kg7 33. Ne4 Be3 34. Bc5 Bxc5 35. bxc5 Nd4 36. Bd7 h6 37. Nc3 Kf8 38. Kg1 Ke7 39. Ba4 Bb3 40. Bb5 Nxb5 41. Nxb5 a5 42. Kf2 a4 43. Ke3 Bc4 44. Na3 Bf1 45. g3 Kd7 46. Kd4 Kc6 47. Nc2 Kb5 48. Kd5 Bh3 49. c6 Bg2+ 50. Kd6 Bxc6 51. Nd4+ Kc4 52. Nxc6 a3 53. Ne5+ Kc3 54. Nxf7 a2 55. Nxh6 a1Q 56. Ke5 Qf1 57. Ng4 Qf3 58. Nf6 Kd3 0-1

[Event "AUT-chT2M 1718"]
[Site "Austria"]
[Date "2017.10.29"]
[Round "3.5"]
[White "Bachler, Reinhard"]
[Black "Spindelboeck, Gernot"]
[Result "1-0"]
[WhiteElo "2182"]
[BlackElo "2277"]
[PlyCount "163"]
[EventDate "2017.10.27"]
[EventType "team-tourn"]
[EventRounds "11"]
[EventCountry "AUT"]
[SourceTitle "CBM 181 Extra"]
[Source "ChessBase"]
[SourceDate "2017.12.12"]
[SourceVersion "1"]
[SourceVersionDate "2017.12.12"]
[SourceQuality "1"]
[WhiteTeam "Leoben"]
[BlackTeam "Fuerstenfeld/Hartberg"]
[WhiteTeamCountry "AUT"]
[BlackTeamCountry "AUT"]

1. g3 d5 2. Bg2 c6 3. b3 Nf6 4. Bb2 g6 5. Bxf6 exf6 6. d4 Bg7 7. e3 0-0 8. Ne2 Be6 9. 0-0 Nd7 10. Nf4 f5 11. h4 Nf6 12. Nd2 Ne4 13. Nf3 Qe7 14. Qd3 a5 15. c4 a4 16. Rfc1 Qa3 17. cxd5 Bxd5 18. Nxd5 cxd5 19. Qb1 Rfc8 20. Rxc8+ Rxc8 21. bxa4 h6 22. Ne1 Qc3 23. Bxe4 fxe4 24. Qd1 Bf8 25. Rb1 Rc7 26. Qb3 Qd2 27. Kf1 Rc4 28. Rd1 Qa5 29. Qb5 Rxa4 30. Qxa5 Rxa5 31. Rd2 Bb4 32. Rb2 Bc3 33. Rb3 Bd2 34. a3 Bxe1 35. Kxe1 b5 36. Kd2 Kf8 37. Kc3 Ra4 38. Rxb5 Rxa3+ 39. Kd2 Ra1 40. Rxd5 Ra2+ 41. Ke1 Ra1+ 42. Ke2 Ra2+ 43. Kf1 Ra1+ 44. Kg2 h5 45. Re5 f5 46. Rb5 Kf7 47. Rb2 Rd1 48. Rc2 Ke6 49. Rc6+ Kf7 50. Ra6 Kg7 51. Ra2 Kf6 52. f3 exf3+ 53. Kxf3 Rf1+ 54. Ke2 Rg1 55. Kf2 Rd1 56. Ra6+ Kf7 57. Ra2 Kf6 58. Re2 Ke6 59. Re1 Rd2+ 60. Kf3 Kf6 61. Ra1 Kf7 62. Kf4 Rg2 63. d5 Rf2+ 64. Kg5 Rf3 65. Ra7+ Kf8 66. Kxg6 Rxg3+ 67. Kxf5 Rxe3 68. Rh7 Re1 69. Rxh5 Ke7 70. Kg6 Rh1 71. Rh8 Kd6 72. h5 Kxd5 73. Re8 Rg1+ 74. Kh7 Kd6 75. h6 Kd7 76. Rg8 Rh1 77. Rg6 Ke7 78. Kg7 Rf1 79. h7 Rf7+ 80. Kh6 Rf8 81. Rg8 Rf6+ 82. Kg5 1-0

[Event "AUT-chT2M 1718"]
[Site "Austria"]
[Date "2017.10.27"]
[Round "1.2"]
[White "Spindelboeck, Gernot"]
[Black "Theuretzbacher, Klaus"]
[Result "0-1"]
[WhiteElo "2277"]
[BlackElo "2254"]
[PlyCount "120"]
[EventDate "2017.10.27"]
[EventType "team-tourn"]
[EventRounds "11"]
[EventCountry "AUT"]
[SourceTitle "CBM 181 Extra"]
[Source "ChessBase"]
[SourceDate "2017.12.12"]
[SourceVersion "1"]
[SourceVersionDate "2017.12.12"]
[SourceQuality "1"]
[WhiteTeam "Fuerstenfeld/Hartberg"]
[BlackTeam "St Valentin"]
[WhiteTeamCountry "AUT"]
[BlackTeamCountry "AUT"]

1. d4 Nf6 2. c4 c5 3. d5 b5 4. cxb5 e6 5. Nc3 exd5 6. Nxd5 Bb7 7. e4 Nxd5 8. exd5 Bd6 9. Nf3 0-0 10. Be2 a6 11. 0-0 Re8 12. bxa6 Nxa6 13. Bc4 Nc7 14. Bg5 Qb8 15. Qd3 Ba6 16. b3 Qb7 17. a4 Reb8 18. Bd2 f6 19. Rfe1 Bxc4 20. bxc4 Qb3 21. Bc3 Na6 22. Reb1 Nb4 23. Qxh7+ Kxh7 24. Rxb3 Ra6 25. Ne1 Rba8 26. Rba3 Re8 27. f3 Kg6 28. g3 Re2 29. a5 Re8 30. Rb1 Rea8 31. Rba1 Bc7 32. Kf1 Kf7 33. Ra4 Bd6 34. Ke2 Rh8 35. h4 Bxg3 36. Bxb4 cxb4 37. Rxb4 Re8+ 38. Kf1 Be5 39. Ra2 Bc3 40. Rb1 Rxa5 41. Rxa5 Bxa5 42. Ng2 Rc8 43. Rc1 Bb4 44. Ke2 Bc5 45. Kd3 Ra8 46. Rc2 Ra1 47. Ke2 Ra3 48. Ne1 Ke7 49. Nd3 Kd6 50. h5 Bd4 51. Kd2 Ra1 52. Rc1 Ra2+ 53. Rc2 Be3+ 54. Kc3 Ra3+ 55. Kb4 Rxd3 56. Ra2 Bc5+ 57. Kb5 Rb3+ 58. Ka4 Rxf3 59. Rg2 Rh3 60. Rxg7 Rxh5 0-1

[Event "AUT-chT2M 1617"]
[Site "Austria"]
[Date "2017.03.25"]
[Round "10.5"]
[White "Tomazini, Zan"]
[Black "Spindelboeck, Gernot"]
[Result "1-0"]
[WhiteElo "2411"]
[BlackElo "2271"]
[PlyCount "87"]
[EventDate "2016.10.07"]
[EventType "team-tourn"]
[EventRounds "11"]
[EventCountry "AUT"]
[SourceTitle "CBM 177 Extra"]
[Source "ChessBase"]
[SourceDate "2017.04.27"]
[SourceVersion "1"]
[SourceVersionDate "2017.04.27"]
[SourceQuality "1"]
[WhiteTeam "Maria Saal II"]
[BlackTeam "Graz Austria"]
[WhiteTeamCountry "AUT"]
[BlackTeamCountry "AUT"]

1. e4 e6 2. d4 d5 3. Nd2 Nf6 4. e5 Nfd7 5. Bd3 c5 6. c3 Nc6 7. Ngf3 g6 8. h4 h6 9. Bc2 Bg7 10. Nf1 b6 11. Bd3 a5 12. Ne3 Ba6 13. Bxa6 Rxa6 14. h5 g5 15. Ng4 Ra7 16. 0-0 0-0 17. Qe2 Rc7 18. Bd2 Qe7 19. Rae1 Qe8 20. Bxg5 hxg5 21. h6 Bxh6 22. Nxh6+ Kg7 23. Nxg5 Kxh6 24. Qg4 f5 25. exf6 Nxf6 26. Qh4+ Qh5 27. Qxh5+ Kxh5 28. Nxe6 Rff7 29. Nxc7 Rxc7 30. Re6 Kg5 31. Rd1 c4 32. Rd6 b5 33. Re1 b4 34. Ree6 bxc3 35. bxc3 Nxd4 36. cxd4 Rf7 37. Rxf6 Rxf6 38. Rxd5+ Kf4 39. Rc5 Rb6 40. Rxc4 Rb1+ 41. Kh2 Rb2 42. d5+ Ke5 43. f4+ Kxd5 44. Ra4 1-0

[Event "AUT-chT2M 1617"]
[Site "Austria"]
[Date "2017.01.29"]
[Round "8.1"]
[White "Spindelboeck, Gernot"]
[Black "Singer, Christoph"]
[Result "1/2-1/2"]
[WhiteElo "2271"]
[BlackElo "2254"]
[PlyCount "72"]
[EventDate "2016.10.07"]
[EventType "team-tourn"]
[EventRounds "11"]
[EventCountry "AUT"]
[SourceTitle "CBM 177 Extra"]
[Source "ChessBase"]
[SourceDate "2017.04.27"]
[SourceVersion "1"]
[SourceVersionDate "2017.04.27"]
[SourceQuality "1"]
[WhiteTeam "Graz Austria"]
[BlackTeam "Grieskirchen/Schallerbach"]
[WhiteTeamCountry "AUT"]
[BlackTeamCountry "AUT"]

1. d4 d5 2. c4 e6 3. Nf3 Nf6 4. g3 dxc4 5. Bg2 Nc6 6. Qa4 Bb4+ 7. Bd2 Nd5 8. Bxb4 Ndxb4 9. 0-0 Rb8 10. Na3 a6 11. Ne5 0-0 12. Nxc6 Nxc6 13. Qxc4 Qxd4 14. Bxc6 Qxc4 15. Nxc4 bxc6 16. b3 Rb5 17. Rfc1 Rd8 18. Rc2 f6 19. Rac1 e5 20. f3 Bf5 21. Rc3 Be6 22. Kf2 Kf8 23. Ne3 Bd7 24. R1c2 Ke7 25. a4 Rb4 26. Nc4 Rdb8 27. Na5 R8b6 28. Nxc6+ Bxc6 29. Rxc6 Rxc6 30. Rxc6 Kd7 31. Rxa6 Rxb3 32. Ra8 Ke6 33. a5 Ra3 34. a6 Kf7 35. Rc8 Rxa6 36. Rxc7+ Kg6 1/2-1/2

[Event "Steyr Landesliga 1617"]
[Site "Austria"]
[Date "2016.11.26"]
[Round "5.3"]
[White "Spindelboeck, Gernot"]
[Black "Zupe, Miran"]
[Result "1-0"]
[WhiteElo "2271"]
[BlackElo "2265"]
[PlyCount "83"]
[EventDate "2016.10.01"]
[EventType "team-tourn"]
[EventRounds "11"]
[EventCountry "AUT"]
[SourceTitle "EXT 2018"]
[Source "ChessBase"]
[SourceDate "2017.10.13"]
[SourceVersion "1"]
[SourceVersionDate "2017.10.13"]
[SourceQuality "1"]
[WhiteTeam "Austria"]
[BlackTeam "Leibnitz"]
[WhiteTeamCountry "AUT"]
[BlackTeamCountry "AUT"]

1. d4 g6 2. Nf3 Bg7 3. c4 c5 4. d5 b5 5. cxb5 a6 6. bxa6 Bxa6 7. Nc3 d6 8. e4 Bxf1 9. Kxf1 Nd7 10. g3 Ngf6 11. Kg2 0-0 12. a4 Qa5 13. Bd2 Rfb8 14. Nb5 Qb6 15. Qc2 Ne8 16. Ra3 Qa6 17. Bc3 Rb7 18. Rha1 Rab8 19. Bxg7 Kxg7 20. Nd2 Nc7 21. Nxc7 Rxc7 22. Nc4 Rb4 23. b3 f6 24. a5 Rcb7 25. f4 Rb8 26. Kg1 Kg8 27. Qc3 R4b7 28. h4 Qb5 29. Kh2 Ra7 30. Kh3 Nf8 31. Kh2 Qd7 32. Qf3 e5 33. fxe5 fxe5 34. Rf1 Qe7 35. Qf6 Rd8 36. Qxe7 Rxe7 37. Rf6 Red7 38. a6 Kg7 39. Rxd6 Rxd6 40. Nxd6 Nd7 41. a7 Ra8 42. Nb5 1-0

[Event "AUT-chT2M 1617"]
[Site "Austria"]
[Date "2016.11.12"]
[Round "4.4"]
[White "Kravanja, Georg"]
[Black "Spindelboeck, Gernot"]
[Result "0-1"]
[WhiteElo "2215"]
[BlackElo "2271"]
[PlyCount "87"]
[EventDate "2016.10.07"]
[EventType "team-tourn"]
[EventRounds "11"]
[EventCountry "AUT"]
[SourceTitle "CBM 175 Extra"]
[Source "ChessBase"]
[SourceDate "2016.12.12"]
[SourceVersion "1"]
[SourceVersionDate "2016.12.12"]
[SourceQuality "1"]
[WhiteTeam "Graz Schachfreunde"]
[BlackTeam "Graz Austria"]
[WhiteTeamCountry "AUT"]
[BlackTeamCountry "AUT"]

1. d4 Nf6 2. c4 e6 3. g3 d5 4. Nf3 Be7 5. Bg2 0-0 6. 0-0 dxc4 7. Qc2 a6 8. Qxc4 b5 9. Qc2 Bb7 10. Bd2 Bd6 11. b4 Be4 12. Qb2 Nc6 13. Nc3 Bxf3 14. Bxf3 Nxd4 15. Bxa8 Qxa8 16. Be3 Be5 17. Bxd4 Bxd4 18. Rad1 e5 19. Qb3 Re8 20. a4 Qc6 21. Rc1 Qd7 22. Kg2 h5 23. axb5 axb5 24. h4 Qc6+ 25. f3 Qb7 26. e4 c6 27. Ne2 Bb6 28. Rfd1 Re6 29. Rd3 Kh7 30. Qc2 Qc7 31. Qb3 Nd7 32. Rcd1 Nf8 33. Ng1 Rg6 34. Ne2 Kh8 35. Rh1 Ne6 36. Rf1 c5 37. bxc5 Nxc5 38. Qxb5 Nxd3 39. Qxd3 Qc5 40. Rc1 Qf2+ 41. Kh3 Be3 42. Rg1 Qxf3 43. Rg2 Rg4 44. Kh2 0-1

[Event "Steyr Landesliga 1617"]
[Site "Austria"]
[Date "2016.10.15"]
[Round "2.3"]
[White "Spindelboeck, Gernot"]
[Black "Mitter, Gerd"]
[Result "1/2-1/2"]
[WhiteElo "2271"]
[BlackElo "2194"]
[PlyCount "48"]
[EventDate "2016.10.01"]
[EventType "team-tourn"]
[EventRounds "11"]
[EventCountry "AUT"]
[SourceTitle "CBM 175 Extra"]
[Source "ChessBase"]
[SourceDate "2016.12.12"]
[SourceVersion "1"]
[SourceVersionDate "2016.12.12"]
[SourceQuality "1"]
[WhiteTeam "Austria"]
[BlackTeam "Trofaiach Niklasdorf"]
[WhiteTeamCountry "AUT"]
[BlackTeamCountry "AUT"]

1. d4 Nf6 2. c4 g6 3. Nf3 Bg7 4. g3 0-0 5. Bg2 d5 6. cxd5 Nxd5 7. Nc3 c5 8. 0-0 Nc6 9. Nxd5 Qxd5 10. Be3 cxd4 11. Nxd4 Qh5 12. Nxc6 bxc6 13. Rc1 Ba6 14. Bf3 Qa5 15. Qc2 Qxa2 16. Ra1 Qc4 17. Rfc1 Qxc2 18. Rxc2 Bb5 19. Rxa7 Rxa7 20. Bxa7 Rd8 21. Bc5 Ba4 22. Rc4 Bb5 23. Rc2 Ba4 24. Rc4 Bb5 1/2-1/2

[Event "AUT-chT2M 1516"]
[Site "Austria"]
[Date "2016.04.17"]
[Round "11.5"]
[White "Spindelboeck, Gernot"]
[Black "Rieger, Robert"]
[Result "1/2-1/2"]
[WhiteElo "2254"]
[BlackElo "2311"]
[PlyCount "82"]
[EventDate "2015.10.02"]
[EventType "team-tourn"]
[EventRounds "11"]
[EventCountry "AUT"]
[SourceTitle "EXT 2017"]
[Source "ChessBase"]
[SourceDate "2016.10.25"]
[SourceVersion "1"]
[SourceVersionDate "2016.10.25"]
[SourceQuality "1"]
[WhiteTeam "Graz Austria"]
[BlackTeam "Maria Saal II"]
[WhiteTeamCountry "AUT"]
[BlackTeamCountry "AUT"]

1. d4 d5 2. c4 c6 3. Nf3 Nf6 4. Nc3 dxc4 5. a4 Bf5 6. e3 e6 7. Bxc4 Bb4 8. 0-0 Nbd7 9. Qe2 0-0 10. e4 Bg6 11. Bd3 c5 12. e5 cxd4 13. exf6 dxc3 14. fxg7 Re8 15. Rd1 Qc7 16. Bxg6 hxg6 17. Qb5 Bd6 18. bxc3 Nc5 19. Be3 Ne4 20. Rac1 Red8 21. c4 Nc3 22. Rxc3 Bxh2+ 23. Nxh2 Rxd1+ 24. Nf1 Rad8 25. Bg5 Qd6 26. c5 Qe5 27. Bxd8 Qxc3 28. Be7 Kxg7 29. Qe2 Rd5 30. g3 Qa1 31. Kg2 Qxa4 32. Ne3 Qe4+ 33. f3 Qd3 34. Qxd3 Rxd3 35. Nc4 Rc3 36. Nd6 Rc2+ 37. Kh3 b6 38. cxb6 axb6 39. Kg4 f6 40. Kf4 Re2 41. g4 e5+ 1/2-1/2

[Event "Steyr Landesliga 1516"]
[Site "Austria"]
[Date "2016.02.06"]
[Round "7.2"]
[White "Spindelboeck, Gernot"]
[Black "Manhardt, Thomas"]
[Result "1/2-1/2"]
[WhiteElo "2277"]
[BlackElo "2241"]
[PlyCount "131"]
[EventDate "2015.09.26"]
[EventType "team-tourn"]
[EventRounds "11"]
[EventCountry "AUT"]
[SourceTitle "EXT 2017"]
[Source "ChessBase"]
[SourceDate "2016.10.25"]
[SourceVersion "1"]
[SourceVersionDate "2016.10.25"]
[SourceQuality "1"]
[WhiteTeam "Graz Austria"]
[BlackTeam "Graz Styria"]
[WhiteTeamCountry "AUT"]
[BlackTeamCountry "AUT"]

1. d4 d5 2. c4 e6 3. Nf3 Nf6 4. g3 dxc4 5. Bg2 Bd7 6. Ne5 Bc6 7. Nxc6 Nxc6 8. 0-0 Qd7 9. e3 0-0-0 10. Qa4 Nd5 11. Qxc4 h5 12. Nc3 h4 13. Bd2 hxg3 14. hxg3 f5 15. Rfc1 g5 16. Qa4 Kb8 17. a3 Bd6 18. Nxd5 exd5 19. Bxd5 Bxg3 20. Bxc6 bxc6 21. Qb3+ Ka8 22. fxg3 Qh7 23. Kf1 Qh1+ 24. Ke2 Rh2+ 25. Kd3 Qe4+ 26. Kc3 c5 27. Qc2 cxd4+ 28. Kb3 Rb8+ 29. Ka2 Qxc2 30. Rxc2 d3 31. Rxc7 Rxd2 32. Rb1 Re2 33. Rd7 Rxe3 34. Rh1 Re2 35. Rxd3 Rexb2+ 36. Ka1 R2b3 37. Rhd1 Rxd3 38. Rxd3 f4 39. gxf4 gxf4 40. Rf3 Rf8 41. Kb2 Kb7 42. Kc3 Kc6 43. Kc4 a5 44. Kd4 Kb5 45. Rb3+ Ka4 46. Rf3 Rc8 47. Rxf4 Kxa3 48. Rf7 a4 49. Rb7 Rc2 50. Kd3 Rb2 51. Ra7 Kb3 52. Rb7+ Ka2 53. Ra7 a3 54. Kc3 Rb5 55. Rc7 Rh5 56. Kc2 Rh3 57. Rc8 Rh2+ 58. Kc1 Rb2 59. Ra8 Rb5 60. Rc8 Kb3 61. Kb1 a2+ 62. Ka1 Rg5 63. Rb8+ Ka3 64. Ra8+ Kb3 65. Rb8+ Kc2 66. Rc8+ 1/2-1/2

[Event "Steyr Landesliga 1516"]
[Site "Austria"]
[Date "2016.01.23"]
[Round "6.2"]
[White "Penker, Harald"]
[Black "Spindelboeck, Gernot"]
[Result "1/2-1/2"]
[WhiteElo "2139"]
[BlackElo "2277"]
[PlyCount "27"]
[EventDate "2015.09.26"]
[EventType "team-tourn"]
[EventRounds "11"]
[EventCountry "AUT"]
[SourceTitle "CBM 170 Extra"]
[Source "ChessBase"]
[SourceDate "2016.02.25"]
[SourceVersion "1"]
[SourceVersionDate "2016.02.25"]
[SourceQuality "1"]
[WhiteTeam "Spg ISR"]
[BlackTeam "Graz Austria"]
[WhiteTeamCountry "AUT"]
[BlackTeamCountry "AUT"]

1. e4 e6 2. b3 d5 3. Bb2 dxe4 4. Nc3 Nf6 5. Qe2 Nbd7 6. Nxe4 Nxe4 7. Qxe4 Nf6 8. Qd4 Qxd4 9. Bxd4 Be7 10. g3 0-0 11. Bg2 Rd8 12. Ne2 c6 13. h3 Nd5 14. a3 1/2-1/2

[Event "Steyr Landesliga 1516"]
[Site "Austria"]
[Date "2015.11.07"]
[Round "4.2"]
[White "Spindelboeck, Gernot"]
[Black "Kastner, Walter"]
[Result "1/2-1/2"]
[WhiteElo "2277"]
[BlackElo "2239"]
[PlyCount "63"]
[EventDate "2015.09.26"]
[EventType "team-tourn"]
[EventRounds "11"]
[EventCountry "AUT"]
[SourceTitle "CBM 170 Extra"]
[Source "ChessBase"]
[SourceDate "2016.02.25"]
[SourceVersion "1"]
[SourceVersionDate "2016.02.25"]
[SourceQuality "1"]
[WhiteTeam "Graz Austria"]
[BlackTeam "Graz Schachfreunde"]
[WhiteTeamCountry "AUT"]
[BlackTeamCountry "AUT"]

1. d4 e6 2. Nf3 Nf6 3. c4 Bb4+ 4. Bd2 a5 5. g3 d6 6. Bg2 Nbd7 7. 0-0 e5 8. Bg5 exd4 9. Nxd4 0-0 10. a3 Bc5 11. Nc3 h6 12. Bf4 Bxd4 13. Qxd4 Nc5 14. Rad1 Be6 15. b4 Ncd7 16. Rb1 axb4 17. axb4 Qc8 18. c5 dxc5 19. bxc5 c6 20. Qb4 Ra7 21. Ra1 Qa8 22. Rxa7 Qxa7 23. Bd6 Ra8 24. Rb1 Nd5 25. Bxd5 cxd5 26. Qxb7 Qxb7 27. Rxb7 d4 28. Nb1 Rc8 29. Rc7 Rxc7 30. Bxc7 Nxc5 31. Bb6 Nb3 32. Kf1 1/2-1/2